Matematika II /

Hlavní autor: Bálint, Vojtech, 1946-
Korporativní autor: Žilinská univerzita. Fakulta prevádzky a ekonomiky dopravy a spojov
Další autoři: Grešák, Pavol, Novotný, Pavel, matematik
Jazyk: Slovenština
Vydáno: Žilina : Žilinská univerzita, 2001
Vydání: Vyd. 3.
Témata:
Fyzický popis: 123 s. : il. ; 29 cm
Knihy
Uloženo v:
LEADER 01255nam a2200337 a 4500
001 000575333
003 CZ BrMZK
005 20060911162142.0
007 ta
008 011022s2001 xo e p slo d
020 |a 80-7100-815-X 
040 |a BOA001  |b cze 
072 7 |a 51  |x Matematika  |2 Konspekt  |9 13 
072 7 |a 37.016  |x Učební osnovy. Vyučovací předměty. Učebnice  |2 Konspekt  |9 22 
080 |a 51  |2 MRF 
080 |a (075.8)  |2 MRF 
100 1 |a Bálint, Vojtech,  |d 1946-  |7 mzk2003180399  |4 aut 
245 1 0 |a Matematika II /  |c Vojtech Bálint, Pavol Grešák, Pavel Novotný 
250 |a Vyd. 3. 
260 |a Žilina :  |b Žilinská univerzita,  |c 2001 
300 |a 123 s. :  |b il. ;  |c 29 cm 
504 |a Obsahuje bibliografii 
541 |a Bratislava, Centrum vedecko-technických informácií SR 
650 0 7 |a matematika  |7 ph117231  |2 czenas 
655 7 |a učebnice vysokých škol  |7 fd133772  |2 czenas 
700 1 |a Grešák, Pavol  |7 xx0018750  |4 aut 
700 1 |a Novotný, Pavel,  |c matematik  |4 aut 
710 2 |a Žilinská univerzita.  |b Fakulta prevádzky a ekonomiky dopravy a spojov  |7 ko2002102413 
910 |a BOA001  |b 3-1097.026 
990 |a BK 
996 7 |b 2610149946  |c 3-1097.026  |l MZK  |r Sklad / do 1 hodiny  |n 7  |p vým  |w 000575333  |u 000010  |a 1  |e BOA001  |j MZK50  |s A